000 00323nam a2200133Ia 4500
005 20251222141858.0
008 251222s9999||||xx |||||||||||||| ||spa||
020 _a9972-9904-9-4
082 _a343.04/R71
100 _aRobles Moreno, Carmen del Pilar
245 0 _aCódigo Tributario:
264 _bPacífico
942 _cLIB
999 _c7947
_d7947